Pharmacology / (Record no. 1487)

MARC details
000 -LEADER
fixed length control field 01099cam a2200385 a 4500
001 - CONTROL NUMBER
control field data
005 - DATE AND TIME OF LATEST TRANSACTION
control field 20260322212102.0
008 - FIXED-LENGTH DATA ELEMENTS--GENERAL INFORMATION
fixed length control field data
035 ## - SYSTEM CONTROL NUMBER
System control number 580182
010 ## - LIBRARY OF CONGRESS CONTROL NUMBER
LC control number 90015138
020 ## - INTERNATIONAL STANDARD BOOK NUMBER
International Standard Book Number 0443041105
020 ## - INTERNATIONAL STANDARD BOOK NUMBER
International Standard Book Number 9780443041105
035 ## - SYSTEM CONTROL NUMBER
-- (DLC) 90015138
040 ## - CATALOGING SOURCE
Original cataloging agency DNLM/DLC
Transcribing agency DLC
Modifying agency DLC
050 10 - LIBRARY OF CONGRESS CALL NUMBER
Classification number RM300
Item number .R35 1991
060 ## - NATIONAL LIBRARY OF MEDICINE CALL NUMBER
Classification number QV 4 R196p
082 00 - DEWEY DECIMAL CLASSIFICATION NUMBER
Classification number 615/.1
Edition information 20
100 1# - MAIN ENTRY--PERSONAL NAME
Personal name Rang, H. P.
245 10 - TITLE STATEMENT
Title Pharmacology /
Statement of responsibility, etc. H.P. Rang, M.M. Dale.
250 ## - EDITION STATEMENT
Edition statement 2nd ed.
260 ## - PUBLICATION, DISTRIBUTION, ETC.
Place of publication, distribution, etc. New York :
-- New York :
Name of publisher, distributor, etc. Churchill Livingstone,
Date of publication, distribution, etc. 1991.
300 ## - PHYSICAL DESCRIPTION
Extent 955 p. :
Other physical details ill. ;
Dimensions 25 cm.
336 ## - CONTENT TYPE
Content type term text
Content type code txt
Source rdacontent
337 ## - MEDIA TYPE
Media type term unmediated
Media type code n
Source rdamedia
338 ## - CARRIER TYPE
Carrier type term volume
Carrier type code nc
Source rdacarrier
500 ## - GENERAL NOTE
General note Includes index.
504 ## - BIBLIOGRAPHY, ETC. NOTE
Bibliography, etc. note Includes bibliographical references.
650 #0 - SUBJECT ADDED ENTRY--TOPICAL TERM
Topical term or geographic name entry element Pharmacology.
650 #2 - SUBJECT ADDED ENTRY--TOPICAL TERM
Topical term or geographic name entry element Pharmacology.
700 1# - ADDED ENTRY--PERSONAL NAME
Personal name Dale, M. Maureen.
906 ## - LOCAL DATA ELEMENT F, LDF (RLIN)
a 7
b cbc
c orignew
d 1
e ocip
f 19
g y-gencatlg
920 ## -
-- Do not acquire
Holdings
Withdrawn status Lost status Damaged status Not for loan Home library Current library Shelving location Date acquired Total checkouts Full call number Barcode Date last seen Price effective from Koha item type
        Riverside Riverside General stacks 22/03/2026   615/.1 LOC-RPL-00034 22/03/2026 22/03/2026 Books